000 01145nam a22002657a 4500
005 20170124102948.0
010 _aB-071518
020 _c350.00
035 _aB-071518
037 _bCen Lib/Ret
040 _aDPL
_bHN
082 _a821.08
_bकुमार
100 _aकुमार, महेश
_92125
245 _aसूर काव्य में मिथकीय तत्व /
_cमहेश कुमार
246 _aSoor kavya main mithkiy tatv /
_bby Mahesh Kumar
260 _bशंकर पुब्लिकाशन
_c2002
_aदिल्ली
270 _bदिल्ली
_aसी-३४०/ए, गली न १३, भजनपुरा
_e110053
300 _axi,253पृ.
_c20सेमी(सजिल्द )
500 _aसन्दर्भ सूची शामिल
650 _aहिंदी साहित्य
_x
_z
_950533
650 _aहिंदी भक्तिकालीन साहित्य
_950534
650 _aHindi literature
_950535
650 _aBktikalin Hindi literature
_950536
942 _2ddc
_cHN
_h821.08
_mकुमार
999 _c113083
_d113083